Quinhentos anos de periferia : (Record no. 8006)

MARC details
000 -LEADER
campo de control de longitud fija 00567nam a2200193 4500
001 - NÚMERO DE CONTROL
campo de control 22690
005 - FECHA Y HORA DE LA ÚLTIMA TRANSACCIÓN
campo de control 20230404125943.0
008 - DATOS DE LONGITUD FIJA--INFORMACIÓN GENERAL
campo de control de longitud fija 060907n2002 dr spa
020 ## - NÚMERO INTERNACIONAL ESTÁNDAR DEL LIBRO
Número Internacional Estándar del Libro 8570256531
035 ## - NÚMERO DE CONTROL DEL SISTEMA
-- funglode22854
041 ## - CÓDIGO DE IDIOMA
Código de lengua del texto/banda sonora o título independiente PT
050 14 - SIGNATURA TOPOGRÁFICA DE LA BIBLIOTECA DEL CONGRESO
Número de clasificación 103 F 1418 P654g 2002
100 ## - ENTRADA PRINCIPAL--NOMBRE DE PERSONA
Nombre de persona Pinheiro Guimaraes, Samuel
245 1# - MENCIÓN DEL TÍTULO
Título Quinhentos anos de periferia :
Resto del título uma contribuicao ao estudo da política internacional /
Mención de responsabilidad, etc. Samuel Pinheiro Guimaraes
250 ## - MENCION DE EDICION
Mención de edición 4
260 ## - PUBLICACIÓN, DISTRIBUCIÓN, ETC.
Lugar de publicación, distribución, etc. Rio de Janeiro :
Nombre del editor, distribuidor, etc. Editora UFRGS,
Fecha de publicación, distribución, etc. 2002
300 ## - DESCRIPCIÓN FÍSICA
Extensión 166 p.
942 ## - ELEMENTOS DE ENTRADA SECUNDARIOS (KOHA)
Fuente del sistema de clasificación o colocación Clasificación de Library of Congress
Tipo de ítem Koha
Holdings
Estatus retirado Estado de pérdida Fuente del sistema de clasificación o colocación Estado de daño No para préstamo Colección Biblioteca de origen Biblioteca actual Ubicación en estantería Fecha de adquisición Serial enumeration / chronology Total checkouts Signatura topográfica completa Código de barras Visto por última vez Precio de reemplazo Tipo de ítem Koha
    Clasificación de Library of Congress     Recursos Regionales Biblioteca Juan Bosch Biblioteca Juan Bosch Recursos Regionales (2do. Piso) 23/10/2018 1   103 F 1418 P654g 2002 00000022643 23/10/2018 23/10/2018